Apología de los asnos / (Record no. 25196)

MARC details
000 -LEADER
campo de control de longitud fija 01045nam a2200241 i 4500
001 - NÚMERO DE CONTROL
campo de control 25196
003 - IDENTIFICADOR DE NÚMERO DE CONTROL
campo de control ES-MaACL
005 - FECHA Y HORA DE LA ÚLTIMA TRANSACCIÓN
campo de control 20230906153217.0
007 - CAMPO FIJO DE DESCRIPCIÓN FÍSICA--INFORMACIÓN GENERAL
campo de control de longitud fija t|
008 - DATOS DE LONGITUD FIJA--INFORMACIÓN GENERAL
campo de control de longitud fija 021220q1834 sp ||||1| spa d
080 ## - NÚMERO DE LA CLASIFICACIÓN DECIMAL UNIVERSAL
Número de la Clasificación Decimal Universal 821.134.2-191"18"
100 1# - ENTRADA PRINCIPAL--NOMBRE DE PERSONA
Nombre de persona Lozano Pérez Ramajo, Manuel.
9 (RLIN) 153285
245 10 - MENCIÓN DEL TÍTULO
Título Apología de los asnos /
Mención de responsabilidad, etc. compuesta en renglones así como versos por un Asnólogo, aprendiz de poeta [seud.].
260 ## - PUBLICACIÓN, DISTRIBUCIÓN, ETC.
Lugar de publicación, distribución, etc. Asnópolis [i.e. Madrid :
Nombre del editor, distribuidor, etc. s.n.],
Fecha de publicación, distribución, etc. 18349 [i.e. 1829?] (
Fabricante A. González)
300 ## - DESCRIPCIÓN FÍSICA
Extensión LV, 285 p. ;
Dimensiones 12 cm.
505 8# - NOTA DE CONTENIDO CON FORMATO
Nota de contenido con formato Contiene: Elogio del rebuzno o sea Apéndice a la apología de los asnos
530 ## - NOTA DISPONIBLE DE FORMULARIO FÍSICO ADICIONAL
Nota de formato físico adicional disponible Disponible en formato digital.
594 ## - Nota al título y mención de responsabilidad
Nota al título y mención de responsabilidad Encabezamiento tomado de: Hartzenbusch, Eugenio: Unos cuantos seudónimos de escritores españoles, p. 17.
596 ## - NOTA AL PIE DE IMPRENTA
NOTA AL PIE DE IMPRENTA Fecha de la tasa: 1826.
596 ## - NOTA AL PIE DE IMPRENTA
NOTA AL PIE DE IMPRENTA Según Palau, I, 398, impreso en Madrid: A. González, 1829.
852 4# - LOCALIZACIÓN
Ubicación ES-MaACL
Número de control de estantería R-2299 Olim: G-1113
856 4# - LOCALIZACIÓN Y ACCESO ELECTRÓNICOS
Identificador Uniforme de Recursos <a href="https://binadi.navarra.es/registro/00025169 ">https://binadi.navarra.es/registro/00025169 </a>
Nota pública Biblioteca Navarra Digital
Holdings
Estatus retirado Estado de pérdida Estado de daño No para préstamo Colección Biblioteca de origen Biblioteca actual Ubicación en estantería Fecha de adquisición Fuente de adquisición Total de préstamos Signatura topográfica completa Código de barras Visto por última vez Precio de reemplazo Tipo de ítem Koha
        Colección digital Biblioteca del Ateneo de Madrid Biblioteca del Ateneo de Madrid Depósito 17/01/2008     R-2299 1025977 23/02/2023 23/02/2023 Libro impreso antiguo